000 02086nam0a22003731 4500
001 RU\NLR\A1SV\109226
005 20251203171251.9
035 _a(NLR Aleph) 009790579
090 _a10134783
_c10134783
100 _a20101221d1918 u y0rusy50 ca
101 0 _arus
102 _aRU
200 1 _aДинамо-стихи
_fИлья Садофьев
210 _aПг.
_cПролеткульт
_d1918
215 _a69, [2] с.
_d21 см
225 _aБ-ка Пролеткульта
300 _aЗагл. сер. на обл.
451 1 _1001RU\NLR\A1SV\109228
_910134794
_aСадофьев, И. И. (участник революц. движения, поэт, переводчик ; 1889-1965)
_cПг.
_d1919
_e2-е изд.
_fИлья Садофьев
_nПролеткульт
_p64 с.
_tДинамо-стихи
451 1 _1001RU\NLR\A1SV\109229
_910134798
_aСадофьев, И.И. (1889-1965)
_cПг.
_d1919
_e3-е изд.
_fИлья Садофьев
_nПролеткульт
_p64 с.
_tДинамо-стихи
451 1 _1001RU\NLR\A1SV\109230
_910134802
_aСадофьев, И.И. (1889-1965)
_cПг.
_d1919
_e4-е изд.
_fИлья Садофьев
_nПролеткульт
_p64 с.
_tДинамо-стихи
451 1 _1001RU\NLR\A1SV\109231
_910134806
_aСадофьев, И.И. (1889-1965)
_cПг.
_d1919
_e5-е изд.
_fИлья Садофьев
_nПролеткульт
_p64 с.
_tДинамо-стихи
451 1 _1001RU\NLR\A1SV\109232
_910134810
_aСадофьев, И.И. (1889-1965)
_cПг.
_d1919
_e6-е изд.
_fИлья Садофьев
_nПролеткульт
_p64 с.
_tДинамо-стихи
620 _dСанкт-Петербург
700 1 _7ca
_8rus
_aСадофьев
_bИ. И.
_cучастник революц. движения, поэт, переводчик
_f1889-1965
_gИлья Иванович
_9176938
_3RU\NLR\AUTH\770176989
801 0 _aRU
_bNLR
_c20101221
852 _aNLR
_j37.60.5.192
852 _aNLR
_j37.60.5.192а
899 _aРГБ
899 _aСамОУНБ
899 _aГИМ
942 _cBOOK
980 _aNB
980 _aA1SV